000 00726nas a2200229 4500
001 BR9507364
003 BR-BrBNA
005 20231205095421.0
007 ta
008 230509b bl.|||p| |||| 00| 00por d
040 _aBR-BrBNA
_bpor
_cBiblioteca Nacional de Agricultura
041 _a(Pt)
072 _aL50
100 1 _aWilwerth, A.M.
245 1 _aContribuicao ao conhecimento dos elementos normais da urina de bovinos
650 _aBovino
650 _aUrina
650 _aFisiologia Animal
773 0 _tArquivos da Escola Superior de Veterinaria da Universidade Rural do Estado de Minas Gerais (Brazil)
_x
_g(1949), v. 2 p. 63-65
_wBR9507364
909 _a202311
_bLúcia
_c55
_dLúcia Elande
942 _2AGRIS
_n0
_cANA
999 _c150534
_d150534